书目信息 |
| 题名: |
Linux基础及应用教程
|
|
| 作者: | 陈英 , 梁建武 主编 | |
| 分册: | ||
| 出版信息: | 北京 中国水利水电出版社 2008.11 |
|
| 页数: | 245页 | |
| 开本: | 27cm | |
| 丛书名: | ||
| 单 册: | ||
| 中图分类: | TP316.59-43 | |
| 科图分类: | ||
| 主题词: | 软件 | |
| 电子资源: | ||
| ISBN: | 978-7-5084-6037-6 | |
| 000 | 00666nam0 2200217 450 | |
| 001 | 1130736520 | |
| 005 | 20110901083429.61 | |
| 010 | @a978-7-5084-6037-6@dCNY26.00 | |
| 100 | @a20110901d2008 km y0chiy0120 ea | |
| 101 | 0 | @achi |
| 102 | @aCN@b110000 | |
| 200 | 1 | @aLinux基础及应用教程@ALinux ji chu ji ying yong jiao cheng@f陈英,梁建武主编@Fchen ying,liang jian wu zhu bian |
| 210 | @a北京@c中国水利水电出版社@d2008.11 | |
| 215 | @a245页@d27cm | |
| 300 | @a高等院校规划教材 | |
| 606 | 0 | @a软件 |
| 690 | @aTP316.59-43@v5 | |
| 701 | 0 | @a陈英@Achen ying@4主编 |
| 701 | 0 | @a梁建武@Aliang jian wu@4主编 |
| 801 | 0 | @aCN@bNISOFT@c20110901 |
| 905 | @aBZT@dTP316.59-43@e1 | |
| Linux基础及应用教程/陈英,梁建武主编.-北京:中国水利水电出版社,2008.11 |
| 245页;27cm |
| 高等院校规划教材 |
| ISBN 978-7-5084-6037-6:CNY26.00 |
| ● |
| 相关链接 |
|
|
|
正题名:Linux基础及应用教程
索取号:TP316.59-43/1
 
预约/预借
| 序号 | 登录号 | 条形码 | 馆藏地/架位号 | 状态 | 备注 |
| 1 | 792541 | 2000792541 | 样本书库/样006架B面5层2列/ [索取号:TP316.59-43/1] | 在馆 | |
| 2 | 792542 | 2000792542 | 中心书库中库/ 中库027架B面7列1层40/ [索取号:TP316.59-43/1] | 在馆 | |
| 3 | 792543 | 2000792543 | 中心书库中库/ 中库027架B面7列2层34/ [索取号:TP316.59-43/1] | 在馆 | |
| 4 | 792544 | 2000792544 | 中心书库中库/ 中库027架A面1列4层20/ [索取号:TP316.59-43/1] | 在馆 | |
| 5 | 792545 | 2000792545 | 中心书库中库/ 中库027架B面7列2层35/ [索取号:TP316.59-43/1] | 在馆 | |
| 6 | 792546 | 2000792546 | 中心书库中库/ 中库027架B面7列1层39/ [索取号:TP316.59-43/1] | 在馆 |